000 007200000a22002170004500
003 LK-CoMWRAF
005 20240113123624.0
008 230817t2001 ||||| |||| 00| 0 eng d
040 _aLK-CoMWRAF
_dLK-CoMWRAF
_eLK-CoMWRAF
041 _aeng
082 _a305.23
_bSOU
110 _aSouth Asia Partnership International
245 _a Commercial sexual exploitation of children :
_ba review of south Asia - Pakistan perspective 2001
260 _aColombo:
_bSouth Asia Partnership International,
_c2001
300 _a 76 p. : ill. ; 30 cm
650 _aChild prostitution- Pakistan
650 _aChild sexual abuse - Pakistan
700 _aAhmed, Mustafa Nazir
700 _aAmeresekere, Bimali
_eed.
942 _cBK
999 _c487
_d487